Liedtext - Lieder - Adel Tawil - Statistiken

Allgemein
  • Dieses Quiz wurde 947 mal gespielt
  • Das Durchschnittsergebnis liegt bei 298 aus 360
Antwortstatistiken
Textquiz % Korrekt
Ich
99%
ich
99%
ein
98%
mit
98%
War
97%
war
97%
wie
96%
Wie
96%
Und
95%
und
95%
die
94%
hab'
94%
Hab'
94%
in
94%
In
94%
Lieder
94%
Ägypter
93%
ging
93%
mich
93%
den
92%
für
92%
Im
92%
im
92%
singe
92%
Stein
92%
diese
91%
rollender
91%
Tränen
91%
Augen
90%
geweint
90%
mein
90%
Mein
90%
So
90%
Tauben
90%
nicht
89%
Held
87%
Tanz'
87%
Regen
86%
allein
85%
lila
85%
nie
85%
sein
85%
Welt
85%
will
85%
Wir
85%
wir
85%
es
84%
lässt
84%
sang
84%
Sonne
84%
Maria
83%
glauben
82%
immer
82%
kann
82%
lieben
82%
meine
82%
untergeh'n
82%
Michael
81%
Feuerstarter
80%
'ne
80%
steh'
80%
wird
80%
ließ
79%
wundervoll'n
79%
'84
78%
Bochum
78%
deinen
78%
Dornenwald
78%
Tag
78%
Armen
77%
dann
76%
Dann
76%
meiner
76%
der
74%
doch
74%
uns
73%
für'n
72%
sie
71%
starb
70%
auf
69%
bin
69%
einer
69%
Whitney
69%
EMF
68%
von
68%
Stern
67%
vom
66%
fünf
65%
Jungs
65%
Land
65%
selben
65%
stand
65%
waren
65%
Zeit
65%
eigenen
64%
Ewigkeit
64%
Flammen
64%
Hand
64%
lange
64%
traf
64%
werd'
64%
Dschungel
63%
erinnerte
63%
Hielt
63%
Jesus
63%
kommen
63%
König
63%
nur
63%
soll
63%
Voodookind
63%
Cover
62%
entfernt
62%
fremd
62%
noch
62%
persönlicher
62%
Rio
62%
singen
62%
Welten
62%
Baby
61%
Darauf
61%
mir
61%
unendlich
61%
Bowie
60%
jetzt
60%
steh'n
60%
Tanzen
60%
Verlierer
60%
vorbei
60%
Wann
60%
woll'n
60%
am
59%
sagte
59%
war's
59%
aus
58%
berühmt
58%
Straße
58%
angelangt
57%
Ende
57%
frage
57%
Gehirn
57%
Kurt
57%
krank
56%
willkommen
56%
Cobain
55%
total
55%
One
44%
Minute
43%
Mönch
37%
Denn
36%
Keine übereinstimmenden Quizze gefunden
Verteilung der Resultate
Anzahl Personen mit jedem Resultat
Perzentil nach korrekt beantworteten Fragen
Ihre Resultats-Entwicklung
Sie haben dieses Quiz noch nicht gespielt